000 00519nam a2200181Ia 4500
005 20250508155727.0
008 008 250505s9999 xx 000 0 eng d
037 _aTextual
040 _aFEDL
_beng
_cFEDL
041 _aeng
_2eng
084 _a572, STO
_qFEDL
100 _aStocking George W
245 0 _aRace, culture, and evolution in the history of anthropology
260 _aNew York, USA
_bThe Free Press
_c1968
300 _axvi,380p.
942 _cTEXL
_h572, STO
999 _c1358976
_d1358976